Mikrobiologická akosť surovín a výrobkov z láskavca (Amaranthus) : Obh. 15.6.1995 /

Enregistré dans:
Détails bibliographiques
Auteur principal: Chorvátová, Renáta (Auteur)
Format: Manuscrit Livre
Langue:slovaque
Publié: Bratislava : STU v Bratislave ChtF, 1995
Tags: Ajouter un tag
Pas de tags, Soyez le premier à ajouter un tag!

MARC

LEADER 00000ntm a22000003a 4500
001 stu23402
005 20150617225748.2
008 950623s1995----xo------------------slo-d
040 |a STU  |b slo 
041 0 |a slo 
044 |a xo 
100 1 |a Chorvátová, Renáta  |4 aut 
245 1 |a Mikrobiologická akosť surovín a výrobkov z láskavca (Amaranthus) :  |b Obh. 15.6.1995 /  |c [aut.]Chorvátová,Renáta 
260 |a Bratislava :  |b STU v Bratislave ChtF,  |c 1995 
300 |a 80 s :  |b Obr.,tab.,lit 
500 |a Špec.: Technol.mlieka,tukov a hyg.poživatín 
996 |b CD11991  |c C*D11991  |l CCI  |s A  |a 24  |w stu23402_0001